Name all Marvel Rivals Abilities and Ultimates - Statistics

General Stats
  • This quiz has been taken 77 times
    54 since last reset
  • The average score is 21 of 281
Answer Stats
Hero Type Ability % Correct
Adam Warlock Ultimate Karmic Revival
60%
Adam Warlock Ability Soul Bond
60%
Magik Ultimate Darkchyld
40%
Doctor Strange Ultimate Eye of Agamotto
37%
Jeff The Land Shark Ultimate It's Jeff!
34%
Black Panther Ability Spirit Rend
34%
Bruce Banner Ultimate Hulk Smash!
31%
Winter Solider Ultimate Kraken Impact
31%
Magneto Ultimate Meteor M
31%
Luna Snow Ultimate Fate of Both Worlds
29%
Groot Ultimate Strangling Prison
29%
Mr. Fantastic Ultimate Brainiac Bounce
26%
Captain America Ultimate Freedom Charge
26%
Adam Warlock Ability Cosmic Cluster
23%
Namor Ultimate Horn of Proteus
23%
Groot Ability Ironwood Wall
23%
Iron Fist Ultimate Living Chi
23%
Black Panther Ability Spinning Kick
23%
Cloak and Dagger Ability Terror Cape
23%
Black Panther Primary Vibranium Claws
23%
Moon Knight Ability Ancient Ankh
20%
Rocket Raccoon Ability B.R.B.
20%
Rocket Raccoon Ultimate C.Y.A.
20%
Cloak and Dagger Ultimate Eternal Bond
20%
Wolverine Ability Feral Leap
20%
Hawkeye Ultimate Hunter's Sight
20%
Iron-Man Ultimate Invincible Pulse Cannon
20%
Invisible Woman Ultimate Invisible Boundary
20%
Wolverine Ultimate Last Stand
20%
Black Widow Primary Red Room Rifle
20%
Winter Solider Ability Bionic Hook
17%
Doctor Strange Ability Cloak of Levitation
17%
Psylocke Ultimate Dance of the Butterfly
17%
Venom Ultimate Feast of the Abyss
17%
Invisible Woman Ability Force Physics
17%
Bruce Banner Ability Gamma Grenade
17%
Hela Ultimate Goddess of Death
17%
Storm Ultimate Omega Hurricane
17%
Iron-Man Primary Unibeam
17%
Luna Snow Ability Absolute Zero
14%
Adam Warlock Ability Avatar Life Stream
14%
Doctor Strange Primary Daggers of Denak
14%
Black Widow Ultimate Electro-Plasma Explosion
14%
Wolverine Team-Up Fastball Special
14%
Star Lord Ultimate Galactic Legend
14%
Spider-Man Ability Get Over Here
14%
Moon Knight Ultimate Hand of Khonshu
14%
Jeff The Land Shark Ability Hide and Seek
14%
Magneto Ability Iron Bulwark
14%
Jeff The Land Shark Primary Joyful Splash
14%
Doctor Strange Ability Maelstrom of Madness
14%
Magneto Ability Metal Bulwark
14%
Moon Knight Ability Moon Blade
14%
Hawkeye Primary Piercing Arrow
14%
Invisible Woman Ability Psionic Vortex
14%
Adam Warlock Primary Quantum Magic
14%
Mantis Ultimate Soul Resergence
14%
Black Panther Ability Spear Toss
14%
Groot Ability Thornlash Wall
14%
Squirrel Girl Ultimate Unbeatable Squirrel Tsunami
14%
Bruce Banner Ultimate World Breaker
14%
Spider-Man Ability Amazing Combo
11%
Star Lord Ability Blaster Barrage
11%
Moon Knight Primary Crescent Dart
11%
Iron-Man Team-Up Gamma Overdrive
11%
Thor Ultimate God of Thunder
11%
Invisible Woman Ability Guardian Shield
11%
Jeff The Land Shark Ability Healing Bubble
11%
Bruce Banner Primary Heavy Blow
11%
Hela Passive Hel's Descent
11%
Luna Snow Ability Ice Arts
11%
Luna Snow Primary Light and Dark Ice
11%
Magneto Ability Mag-Cannon
11%
Black Panther Passive Panther's Cunning
11%
Bruce Banner Ultimate Puny Banner
11%
Scarlet Witch Ultimate Reality Erasure
11%
Iron-Man Primary Repulsor Blast
11%
Winter Solider Primary Roterstern
11%
Magik Primary Soulsword
11%
Winter Solider Ability Tainted Voltage
11%
Jeff The Land Shark Primary Aqua Burst
9%
Iron-Man Ability Armor Overdrive
9%
Loki Ability Doppelganger
9%
Iron Fist Ability Dragon's Defense
9%
Black Widow Ability Edge Dancer
9%
Magik Ability Eldritch Whirl
9%
Star Lord Primary Element Guns
9%
Black Widow Ability Fleet Foot
9%
Thor Ability Hammer Throw
9%
Hawkeye Ability Hypersonic Arrow
9%
Bruce Banner Ability Incredible Leap
9%
Magneto Primary Iron Volley
9%
Cloak and Dagger Primary Lightforce Dagger
9%
Thor Ability Lightning Realm
9%
Magneto Ability Metallic Curtain
9%
Iron-Man Ability Micro-Missile Barrage
9%
Thor Primary Mjolnir Bash
9%
Hela Ability Piercing Night
9%
Bruce Banner Ability Radioactive Lockdown
9%
Mr. Fantastic Ability Reflexive Rubber
9%
Loki Ability Regeneration Domain
9%
Adam Warlock Passive Regenerative Cocoon
9%
Rocket Raccoon Primary Repair Mode
9%
Captain America Primary Sentinel Strike
9%
Luna Snow Ability Share the Stage
9%
Spider-Man Ultimate Spectacular Spin
9%
Mantis Ability Spore Slumber
9%
Magik Ability Stepping Discs
9%
Thor Passive Thorforce
9%
Winter Solider Ability Trooper's Fist
9%
Magik Ability Umbral Incursion
9%
Captain America Ability Vibranium Energy Saw
9%
Spider-Man Ability Web-Swing
9%
Mantis Ability Allied Inspiration
6%
Hawkeye Passive Archer's Focus
6%
Thor Ability Awakening Rune
6%
Loki Ability Backstab
6%
Wolverine Passive Berserker Rage
6%
Peni Parker Ability Bionic Spider Nest
6%
Winter Solider Passive Ceaseless Charge
6%
Luna Snow Passive Cryo Heart
6%
Cloak and Dagger Ability Dagger Storm
6%
Cloak and Dagger Ability Dark Teleportation
6%
Magik Ability Demon's Rage
6%
Loki Ability Devious Exchange
6%
Punisher Ultimate Final Judgement
6%
Mr. Fantastic Ability Flexible Elongation
6%
Groot Passive Flora Colossus
6%
Bruce Banner Ability Gamma Burst
6%
Captain America Ability Liberty Rush
6%
Magik Passive Limbo's Might
6%
Loki Primary Mystical Missile
6%
Mantis Ability Natural Anger
6%
Star Lord Ability Rocket Propulsion
6%
Doctor Strange Ability Shield of the Seraphim
6%
Spider-Man Passive Spider-Sense
6%
Peni Parker Ultimate Spider-Sweeper
6%
Star Lord Ability Stellar Shift
6%
Thor Ability Storm Surge
6%
Black Widow Ability Straight Shooter
6%
Groot Primary Vine Strike
6%
Black Widow Primary Widow's Bite Baton
6%
Storm Primary Wind Blade
6%
Hela Ability Astral Flock
3%
Hawkeye Primary Blast Arrow
3%
Scarlet Witch Primary Chaos Control
3%
Iron Fist Passive Chi Absorption
3%
Scarlet Witch Ability Chthonian Burst
3%
Hawkeye Ability Crescent Slash
3%
Punisher Ability Culling Turret
3%
Cloak and Dagger Primary Darkforce Cloak
3%
Scarlet Witch Ability Dark Seal
3%
Loki Ability Deception
3%
Punisher Primary Deliverance
3%
Groot Team-Up Friendly Shoulder
3%
Bruce Banner Primary Gamma Ray Gun
3%
Storm Ability Goddess Boost
3%
Loki Ultimate God of Mischef
3%
Iron Fist Ability Harmony Recovery
3%
Mantis Ability Healing Flower
3%
Iron-Man Ability Hyper-Velocity
3%
Iron Fist Primary Jeet Kune Do
3%
Rocket Raccoon Ability Jetpack Dash
3%
Iron Fist Ability K'un-Lun Kick
3%
Captain America Ability Leading Dash
3%
Cloak and Dagger Ability Light Explosion
3%
Captain America Ability Living Legend
3%
Magik Ability Magik Slash
3%
Magneto Passive Magnetic Descent
3%
Squirrel Girl Ability Mammal Bond
3%
Magneto Team-Up Metallic Fusion
3%
Moon Knight Ability Moonlight Hook
3%
Hela Primary Nightsword Thorn
3%
Jeff The Land Shark Passive Oblivious Cuteness
3%
Invisible Woman Primary Orb Projection
3%
Psylocke Primary Psionic Crossbow
3%
Wolverine Passive Regenerative Healing Factor
3%
Adam Warlock Team-Up Soul Perseverance
3%
Groot Ability Spore Bomb
3%
Squirrel Girl Ability Squirrel Blockade
3%
Mr. Fantastic Primary Stretch Punch
3%
Black Panther Ability Subtle Step
3%
Black Widow Team-Up Supersensory Hunt
3%
Captain America Ability Super-Soldier Slam
3%
Venom Ability Symbiotic Resilience
3%
Squirrel Girl Ability Tail Bounce
3%
Namor Primary Trident of Neptune
3%
Moon Knight Melee Triple Eclipse
3%
Wolverine Ability Undying Animal
3%
Invisible Woman Ability Veiled Step
3%
Black Panther Team-Up Wakandan Master
3%
Storm Ability Weather Control
3%
Spider-Man Primary Web Cluster
3%
Namor Ability Wrath of the Seven Seas
3%
Iron Fist Primary Yat Jee Chung Kuen
3%
Punisher Primary Adjunctication
0%
Invisible Woman Melee Agile Strike
0%
Venom Passive Alien Biology
0%
Rocket Raccoon Team-Up Ammo Intervention
0%
Namor Ability Aquatic Dominion
0%
Peni Parker Ability Arachnid Mine
0%
Peni Parker Team-Up Armor Expulsion
0%
Black Panther Ultimate Bast's Chosen
0%
Namor Ability Blessing of the Deep
0%
Storm Ability Bolt Rush
0%
Rocket Raccoon Primary Bombard Mode
0%
Squirrel Girl Primary Burst Acorn
0%
Venom Ability Cellular Corrosion
0%
Scarlet Witch Team-Up Chaotic Bond
0%
Captain America Team-Up Charged Aegis
0%
Storm Team-Up Charged Gale
0%
Invisible Woman Passive Covert Advance
0%
Iron Fist Ability Crane Leap
0%
Peni Parker Ability Cyber-Bond
0%
Peni Parker Primary Cyber-Web Cluster
0%
Peni Parker Ability Cyber-Web Snare
0%
Venom Primary Dark Predation
0%
Namor Ability Descend
0%
Magik Team-Up Disc Master
0%
Iron Fist Team-Up Dragon's Chill
0%
Mr. Fantastic Passive Elastic Strength
0%
Spider-Man Team-Up Extra Web-Fluid
0%
Invisible Woman Team-Up Fantasti-Force
0%
Rocket Raccoon Passive Flying Ace
0%
Venom Ability Frenzied Arrival
0%
Cloak and Dagger Team-Up From Shadow to Light
0%
Luna Snow Team-Up Frozen Chi
0%
Namor Team-Up Frozen Spawn
0%
Jeff The Land Shark Team-Up Frozen Spitball
0%
Moon Knight Team-Up Full Moon
0%
Bruce Banner Team-Up Gamma Boost
0%
Bruce Banner Team-Up Gamma Fastball
0%
Doctor Strange Team-Up Gamma Maelstrom
0%
Luna Snow Team-Up Icy Disco
0%
Winter Solider Team-Up Infinite Grit
0%
Punisher Team-Up Infinite Punishment
0%
Loki Team-Up Laufeyson Reborn
0%
Star Lord Team-Up Leader's Soul
0%
Mantis Primary Life Energy Blast
0%
Cloak and Dagger Ability Light's Embrace
0%
Scarlet Witch Ability Mystic Projection
0%
Hela Passive Nastron Crowstorm
0%
Mantis Passive Nature's Favor
0%
Mantis Team-Up Nature's Soul
0%
Jeff The Land Shark Team-Up New Friends
0%
Moon Knight Ability Night Glider
0%
Thor Team-Up Odinson Reborn
0%
Rocket Raccoon Team-Up Old Friends
0%
Doctor Strange Ability Pentagram of Farallan
0%
Doctor Strange Ability Prince of Magic
0%
Psylocke Ability Psi-Blade Dash
0%
Psylocke Team-Up Psionic Disc
0%
Psylocke Ability Psychic Stealth
0%
Hela Team-Up Queen of Hel
0%
Moon Knight Ability Rising Leap
0%
Hawkeye Ability Ronin Slash
0%
Mr. Fantastic Ability Rubber Grip
0%
Wolverine Primary Savage Claw
0%
Punisher Ability Scourge Grenade
0%
Cloak and Dagger Ability Shadow's Embrace
0%
Hawkeye Ability Skyward Leap
0%
Luna Snow Passive Smooth Skate
0%
Hela Ability Soul Orainer
0%
Spider-Man Primary Spider-Power
0%
Spider-Man Team-Up Suit Expulsion
0%
Hawkeye Team-Up Supersensory Vision
0%
Scarlet Witch Passive Telekenisis
0%
Thor Team-Up Thunderous Deity
0%
Spider-Man Ability Thwip and Flip
0%
Venom Team-Up Touch of Klyntar
0%
Punisher Ability Vantage Connection
0%
Venom Ability Venom Swing
0%
Wolverine Ability Vicious Rampage
0%
Peni Parker Ability Wall Crawl
0%
Rocket Raccoon Passive Wall Crawl
0%
Spider-Man Passive Wall Crawl
0%
Iron Fist Passive Wall Runner
0%
Punisher Passive Warrior's Gaze
0%
Squirrel Girl Team-Up Webbed Acorn
0%
Mr. Fantastic Team-Up Wedded Harmony
0%
Psylocke Ability Wing Shurikens
0%
No matching quizzes found
Score Distribution
Percent of People with Each Score
Percentile by Number Answered
Your Score History
You have not taken this quiz since the last reset